TSCA Deskbook

Detalles Bibliográficos
Autor principal: Hathaway, Carolyne R.
Otros Autores: Rawson, William K., Claassen, Ann, Hatcher, Julia A.
Formato: eBook
Lenguaje:inglés
Publicado: Washington DC: Environmental Law Institute, 2012
Edición:2da. Edicin̤
Materias:
Acceso en línea:Acceso restringido

MARC

LEADER 00000nam a22000007a 4500
005 20220916225555.0
007 cr|||| ||||
008 220916s2012 us |||||s|||| 00||0 eng d
020 |a 978-158576-143-2 
035 |a 36439 
040 |a vLex 
090 |c 13926  |d 13926 
100 1 |a Hathaway, Carolyne R. 
245 1 0 |a TSCA Deskbook  |h [Recurso electrn̤ico] /  |c Carolyne R. Hathaway, William K. Rawson, Ann Claassen, Julia A. Hatcher 
250 |a 2da. Edicin̤ 
256 |a Servicio en ln̕ea 
260 |a Washington DC:  |b Environmental Law Institute,  |c 2012 
300 |a 1 recurso electrn̤ico 
500 |a The Toxic Substances Control Act (TSCA) of 1976 provides EPA with authority to require reporting, record-keeping and testing requirements, and restrictions relating to chemical substances and/or mixtures. The TSCA Deskbook is your one-stop resource for understanding and managing these complex chemical regulation issues. This second edition of the Deskbook updates the first by outlining the rules and regulations passed since its printing in 2007. It is an essential resource for attorneys and environmental managers working in the ever-changing area of chemical legislation that highlights potential pitfalls and demystifies complex regulatory language.The TSCA Deskbook begins with a detailed analysis by leading attorney practitioners of the Act. This step-by-step analysis of the statute integrates statutory and regulatory provisions, Federal Register preambles, and agency memoranda and guidance to provide the clearest, most comprehensive guide available to the regulatory programs governing chemicals. The analysis reviews the origins of the Act, regulatory requirements, definitional issues, and civil and criminal enforcement. Part two of the Deskbook provides TSCA in full, up-to-date text. And part three contains valuable agency memoranda, guidance, and materials to aid the user in the interpretation of the statute.Complimentary review copies are not available for this title 
506 1 |a Disponible solo en los productos indicados  |d vLex Global  |d vLex Global (Academic Edition, excluding Law Schools)  |d vLex Global (Academic Edition, Law Schools) 
650 0 4 |a Derecho del Medio Ambiente  |z Estados Unidos 
700 1 |a Rawson, William K. 
700 1 |a Claassen, Ann 
700 1 |a Hatcher, Julia A. 
740 0 |a vLex Libros (Servicio en ln̕ea) 
856 4 0 |u https://app.vlex.com/#/sources/36439  |z Acceso restringido 
942 |c BOOK 
999 0 |a Environmental Law